000 01057nam a22002897a 4500
005 20131206151515.0
010 _aENG-108792
020 _a9781259098284
_c2750.00
020 _a1259098281
_c2750.00
035 _aEN-92325
037 _bDBAD/PUB
082 0 0 _a332.632044
_223
245 0 4 _aThe handbook of fixed income securities /
_cedited by Frank J. Fabozzi; with the assistance of Steven V. Mann
250 _a8th ed
260 _aNew Delhi
_bMcGraw-Hill Education
_c2012
270 _aP-24 Green Park Extension
_bNew Delhi
_e110016
300 _axxx,1809p. :
_bill.
_c24cm(Hb)
500 _aIncludes bibliographical references and index.
650 0 _aBonds
_vHandbooks, manuals, etc.
650 0 _aPreferred stocks
_vHandbooks, manuals, etc.
650 0 _aMoney market funds
_vHandbooks, manuals, etc.
650 0 _aMutual funds
_vHandbooks, manuals, etc.
650 0 _aFixed-income securities
_vHandbooks, manuals, etc.
700 1 _aFabozzi, Frank J.
700 1 _aMann, Steven V.
942 _2ddc
_cEN
_h332.632044
_mHAN
999 _c81099
_d81099